Marcatori del Portogallo agli Europei - Europa 2020 - Statistics

Statistiche generali
  • Questo quiz è stato fatto 5 volte
  • Il punteggio medio è 6 su 7
Statistiche sulle risposte
Partita Minuto Marcatore % Corretto
Ungheria - Portogallo 0-3 87' Cristiano Ronaldo
100%
Ungheria - Portogallo 0-3 92' Cristiano Ronaldo
100%
Portogallo - Germania 2-4 15' Cristiano Ronaldo
100%
Portogallo - Francia 2-2 31' Cristiano Ronaldo
100%
Portogallo - Francia 2-2 60' Cristiano Ronaldo
100%
Portogallo - Germania 2-4 67' Diogo Jota
60%
Ungheria - Portogallo 0-3 84' Raphaël Guerreiro
0%
Nessun quiz corrispondente trovato
Distribuzione punteggi
Percentuale di utenti per punteggio
Percentile per numero di risposta
I tuoi punteggi nel tempo
Non hai fatto questo quiz